| 000 | 01106cam a22002771a 4500 | ||
|---|---|---|---|
| 001 | agr62000467 | ||
| 003 | DLC | ||
| 005 | 20260227111022.0 | ||
| 008 | 780421s1962 dcu b f001 0 eng | ||
| 010 | _aagr62000467 | ||
| 035 | _a(OCoLC)3819508 | ||
| 040 |
_aDLC _cIPAR _dDNAL _dDLC |
||
| 042 | _apremarc | ||
| 050 | 0 | 0 |
_aS21 _b.A46 no. 893 |
| 070 | 0 |
_a1 _bAg84M no.893 |
|
| 072 | 0 |
_aS200 _aA500 |
|
| 100 | 1 |
_aJones, Marie A., _d1904- |
|
| 245 | 1 | 3 |
_aAn annotated bibliography of cotton research at the Southern Utilization Research and Development Division / _cby Marie A. Jones. |
| 260 |
_aWashington, D.C. : _bAgricultural Research Service, U.S. Dept. of Agriculture, _c1962. |
||
| 300 |
_av, 106 p. ; _c26 cm. |
||
| 490 | 1 |
_aMiscellaneous publication / United States Department of Agriculture ; _vno. 893 |
|
| 500 | _aIncludes index. | ||
| 650 | 0 |
_aCotton _xResearch _vBibliography. |
|
| 710 | 1 |
_aUnited States. _bAgricultural Research Service. _bSouthern Utilization Research and Development Division. |
|
| 830 | 0 |
_aMiscellaneous publication (United States. Department of Agriculture) ; _vno. 893. |
|
| 999 |
_c11854 _d11854 |
||